00766 a2200205 4500010001400000020002600014035001300040037001600053082001200069090001700081100002500098245006100123260004600184270006900230300002900299500005100328942002700379999001700406952013700423 aENG-89727 a9780195693553c745.00 aEN-73260 bDBAD / PUB14a303.625 c11563d115631 aBalmiki Prasad Singh1 aBahudha and the post 9/11 worldcby Balmiki Prasad Singh aNew DelhibOxford University Pressc2008 aYMCA Library Building, Jai Singh RoadbNew DelhicDelhie110001 axxii, 370p.c22 cm (Hb) aIncludes bibliographical references and index adplcENk303.625 / BAL c11247d11247 00102ddc40718NFICaDBADbDBADeDBAD/PUBg745.00l0o303.625 BALpEN-73260r2008-09-15 00:00:00t1u12356v745.00w2008-09-15yEN